|
|
|
|
| LEADER |
00630nab a2200181 i 4500 |
| 001 |
univ2231 |
| 005 |
20171214090714.0 |
| 008 |
170606s1972 hu o 0|| hun d |
| 040 |
|
|
|a SZTE UnivHistória Repozitórium
|b hun
|
| 041 |
|
|
|a hun
|
| 100 |
1 |
|
|a Szentirmay Judit
|
| 245 |
1 |
0 |
|a Bemutatjuk Szentirmay Juditot
|h [elektronikus dokumentum] /
|c Szentirmay Judit
|
| 260 |
|
|
|c 1972
|
| 300 |
|
|
|a 8
|
| 490 |
0 |
|
|a Magunk : a JATE Móra Ferenc Kollégiumának időszakosan megjelenő lapja
|v 12
|
| 561 |
|
|
|a Egyetemi, hallgatói élet
|
| 695 |
|
|
|a Szépirodalom
|
| 856 |
4 |
0 |
|u http://univ.bibl.u-szeged.hu/2231/1/magunk_012_008.pdf
|z Dokumentum-elérés
|